000 00632nam a22001937a 4500
003 0
005 20241018131129.0
008 241018b xxu||||| |||| 00| 0 eng d
020 _a9781774697078
050 _aT 58.5
_b.In58 2024
245 _aIntroduction to information technology /
_cedited by Gulshan Kumar.
260 _aBurlington, ON :
_bToronto Academic Press,
_c2024.
300 _axi, 248 p. :
_bcol. ill. ;
_c26 cm.
504 _aIncludes bibliographical references and index.
650 _aInformation technology.
650 _aManagement information systems.
700 _aKumar, Gulshan,
_eeditor.
942 _2lcc
_cBK
999 _c366589
_d366589